000 00315 a2200145 4500
001 49508
020 _a8573893982
040 _cAnchieta - Bela Vista
100 _aGoulart, Yedda
240 1 0 _aUrsinho catavento
_lpor
245 1 0 _aUrsinho catavento
300 _a8
650 4 _aLiteratura infantil
942 _cBK
999 _c49508
_d49508